000 00274nam a2200109Ia 4500
008 190216s9999||||xx |||||||||||||| ||und||
100 _aVerma Mm & Agarwal R K
245 0 _aFinancial Management
260 _bTata Mcgrawhill Publishers
_c1999
300 _a320
942 _cBK
999 _c8193
_d8193